Personnage historique - Statistiques

Statistiques générales
  • Ce quiz a été pris 234 fois
  • Le résultat moyen est 8 sur 15
Statistiques - réponses
Description Répondre % Correct
Premier Président des Etats-Unis Georges Washington
95%
Auteur du Petit Prince Antoine de Saint-Exupery
86%
Dernier Tsar de Russie Nicolas II
74%
Il rend l'école gratuite, obligatoire et laïque en 1881 Jules Ferry
73%
Navigateur génois qui a découvert le "Nouveau Monde" Christophe Colomb
72%
Pape canonisé en 2014 Jean-Paul II
71%
Auteur des Rougon Macquart Emile Zola
63%
Premier de la lignée des Capétiens Hugues Capet
62%
Il a découvert l'existence de l'éléctricité Thomas Alva Edison
59%
Dictateur Chilien mis en place par les Etats-Unis Augusto Pinochet
55%
Auteur du Mariage de Figaro Pierre-Augustin de Beaumarchais
43%
Figure de la lutte pour l'indépendance du Vietnam Hô Chi Minh
42%
Président Chinois à l'origine du développement économique de la Chine Deng Xiaoping
15%
Présidente de la Birmanie qui a reçu le prix Nobel de la Paix Aung San Suu Kyi
14%
Actrice et écrivaine des années 50, à sensibilité communiste Simone Signoret
12%
Aucun quiz correspondant
Distribution des résultats
% des personnes avec chaque résultat
Percentile par nombre de réponses
Votre historique - résultats
Vous n’avez pas pris ce quiz